000 00581nam a2200193Ia 4500
999 _c15083
_d15083
003 OSt
005 20210427115511.0
008 190216s9999||||xx |||||||||||||| ||und||
020 _a9780521684293
040 _coclc
082 _a428.0071
_bDOF/T
100 _aDoff, Adrian
_96385
245 0 _aTeach English :
_bA Training Course For Teachers /Trainers Handbook
_cAdrain Doff
250 _a8th Ed.
260 _bCambridge University Press,
_c2005.
_aLondon:
300 _a286p
650 _aEnglish
942 _cBK
_2ddc
_h428.0071
_iDOF/T
_k428.0071
_mDOF/T